| Tag |
First Indicator |
Second Indicator |
Subfields |
| LEADER |
00000cam a22000001 4500 |
| 001 |
in00000094285 |
| 005 |
20150927110423.0 |
| 008 |
790723s1947 nyuac b 00000 eng |
| 010 |
|
|
|a 47004867
|
| 035 |
|
|
|a (OCoLC)00568008
|
| 035 |
|
|
|9 AAL6145AM
|
| 040 |
|
|
|a DLC
|c DLC
|d TXA
|d UtOrBLW
|
| 049 |
|
|
|a TXAM
|c 1 [146638]
|c 2 [424895]
|
| 050 |
0 |
0 |
|a TP986.P4
|b C3
|
| 082 |
0 |
|
|a 668.4
|
| 100 |
1 |
|
|a Carswell, T. S.
|q (Thomas Smyth),
|d 1897-
|
| 245 |
1 |
0 |
|a Phenoplasts, their structure, properties, and chemical technology.
|
| 264 |
|
1 |
|a New York :
|b Interscience Publishers,
|c 1947.
|
| 300 |
|
|
|a xii, 267 pages :
|b illustrations, portrait, diagrams ;
|c 24 cm.
|
| 336 |
|
|
|a text
|b txt
|2 rdacontent
|
| 337 |
|
|
|a unmediated
|b n
|2 rdamedia
|
| 338 |
|
|
|a volume
|b nc
|2 rdacarrier
|
| 490 |
1 |
|
|a High polymers: a series of monographs on the chemistry, physics, and technology of high polymeric substances,
|v v. 7
|
| 504 |
|
|
|a Bibliographical footnotes.
|
| 650 |
|
0 |
|a Plastics.
|
| 650 |
|
0 |
|a Phenols.
|
| 830 |
|
0 |
|a High polymers ;
|v v. 7.
|
| 999 |
|
|
|a MARS
|
| 999 |
f |
f |
|s b3163780-840c-31d5-a0e8-bc53c56ba68c
|i 2c2c3d4f-37a1-3771-af2c-531808c7b2fb
|t 0
|
| 952 |
f |
f |
|p ric
|a Texas A&M University
|b Rellis Campus
|c Joint Library Facility
|d Remote Storage
|t 0
|e TP986.P4 C3
|h Library of Congress classification
|i unmediated -- volume
|m A14805619267
|
| 998 |
f |
f |
|a TP986.P4 C3
|t 0
|l Remote Storage
|